01491nam a22003737a 4500003000500000005001700005008004100022010000800063011000900071035000800080040000900088090001000097100004000107245015700147260004200304300001000346502009800356590003700454590004100491590004200532650002600574650003200600650002700632650002300659650002500682650003300707901000700740942000900747949003900756949004800795999001300843952013500856952012600991CHAP20220817040800.0971013s1990 r 00010 d a250 a1222 a398 cCHAP aTesis00aCruz Ortega, Jacobo Enrique.929527 aExtractos de higuerilla, Ricinus cummunis L. y manzanita, Arctostaphylos pungens H.B.K. para el control de la conchuela del frijol en Chapingo, México aChapíngo, Méx. :bEl autor,c1990 a62 h. aTesis (M.C. Esp. en Protección Vegetal) -- UACH. Departamento de Parasitología Agrícola aALEPHb10c20130110lUCH01h1204 aBATCH-UPDb10c20130110lUCH01h0907 aCONVERSIONb10c20130109lUCH01h130214aEpilachna varivestis.14aExtractos vegetales.93921414aFrijolxPlagas.94341514aHiguerilla.95536514aInsecticidas.95885514aPlantas insecticidas.989010 aBK cFOLL bBCcTESd-9843eTS1h22626i398si bBCcTESd33724000606653eTS2h22627i398si c250d250 00102local4051708TESISaBCbBCcPA_TESISd2019-12-31fTESISl0oTesisp33724000606653r2019-12-31 00:00:00w2019-12-31yTESIS 00102local4051708TESISaBCbBCcPA_TESISd2019-12-31fTESISl0oTesisp-9843r2019-12-31 00:00:00w2019-12-31yTESIS